| 000 | 00807nam a22002777i 4500 | ||
|---|---|---|---|
| 003 | DO-SdBNP | ||
| 005 | 20260528100121.0 | ||
| 007 | ta | ||
| 008 | 250625b2025 |||||||| |||| 00| 0 spa d | ||
| 020 | _a9789945292220 | ||
| 040 |
_aDO-SdBNP _bspa _cBNPHU _erda |
||
| 041 | _hspa | ||
| 082 |
_axxx _bF289d |
||
| 100 |
_aFebrillet, Johan _eautor _4aut. _988183 |
||
| 245 | 0 | 4 |
_aLos 10 mandamientos del sector inmobiliario / _cJohan Febrillet |
| 246 | _aLos diez mandamientos | ||
| 250 | _aPrimera edición | ||
| 264 |
_aSantiago de los Caballeros : _bEditora Nami, _c©2025 |
||
| 300 |
_a92 páginas ; _c21 cm |
||
| 336 |
_ardacontent _btexto _2txt |
||
| 337 |
_ardamedia _bsin mediación _2n |
||
| 338 |
_ardacarrier _bvolumen _2nc |
||
| 590 | _aInventariado, 2025/DG | ||
| 910 | _aDG | ||
| 942 |
_2ddc _cLBS1 |
||
| 999 |
_c58915 _d58915 |
||